[Event "73rd Tata Steel GMB"]
[Site "Wijk aan Zee NED"]
[Date "2011.01.25"]
[Round "9"]
[White "Ganguly, Surya Shekhar"]
[Black "Tkachiev, Vladislav"]
[Result "0-1"]
[WhiteTitle "GM"]
[BlackTitle "GM"]
[WhiteElo "2651"]
[BlackElo "2636"]
[WhiteFideId "5002150"]
[BlackFideId "618438"]
[EventDate "2011.01.14"]

1. e4 e5 2. Nf3 Nc6 3. Bb5 a6 4. Ba4 Nge7 5. O-O g6 6. c3 Bg7 7. d4 exd4 8. cxd4
b5 9. Bb3 O-O 10. Nc3 Na5 11. Bc2 d6 12. Bg5 h6 13. Bf4 Bb7 14. Rc1 Rc8 15. Bb1
Nc4 16. Qe2 f5 17. exf5 Nxf5 18. b3 Nb6 19. Rfe1 Qd7 20. Qd3 Qf7 21. Ne4 Nxd4
22. Nxd4 Bxd4 23. Bg3 Bb2 24. Rc2 Bg7 25. Rce2 Nd5 26. Nd2 Nc3 27. Re7 Rfe8 28.
Bh4 Nxb1 29. Qxb1 Rxe7 30. Rxe7 Qf5 31. Qxf5 gxf5 32. Nf1 f4 33. g3 Bf8 34. Re6
Bd5 35. Rg6+ Kh7 36. Rg4 fxg3 37. Nxg3 Re8 38. Kf1 Be6 39. Nh5 Bxg4 40. Nf6+ Kg6
41. Nxe8 c6 42. Bg3 d5 43. Nd6 c5 44. Be5 Bf3 45. Ke1 d4 46. Kd2 Bg7 47. Bxg7
Kxg7 48. Kd3 Bd5 49. Ne8+ Kf7 50. Nc7 Bb7 51. b4 c4+ 52. Kxd4 Ke7 53. a4 Kd7 54.
axb5 Kxc7 55. Kxc4 axb5+ 56. Kxb5 Kd6 57. Kb6 Be4 58. b5 Ke5 59. Kc7 Kf4 60. b6
Kf3 61. b7 Bxb7 62. Kxb7 Kxf2 63. Kc6 Kg2 64. h4 Kg3 0-1

[Event "73rd Tata Steel GMB"]
[Site "Wijk aan Zee NED"]
[Date "2011.01.25"]
[Round "9"]
[White "Le, Quang Liem"]
[Black "Fressinet, Laurent"]
[Result "1-0"]
[WhiteTitle "GM"]
[BlackTitle "GM"]
[WhiteElo "2664"]
[BlackElo "2707"]
[WhiteFideId "12401137"]
[BlackFideId "608742"]
[EventDate "2011.01.14"]

1. d4 Nf6 2. c4 c5 3. Nf3 cxd4 4. Nxd4 Nc6 5. Nc3 e6 6. a3 Be7 7. e4 O-O 8. Nf3
b6 9. Be2 Qc7 10. h3 Bb7 11. Be3 Rad8 12. O-O d5 13. cxd5 exd5 14. exd5 Ne5 15.
Rc1 Qb8 16. Qd4 Ng6 17. Bc4 Bc5 18. Qd2 Bxe3 19. fxe3 Ne5 20. Ba2 Nxf3+ 21. Rxf3
Qe5 22. Rf4 Rfe8 23. e4 Bc8 24. Bb1 Bd7 25. Rf2 b5 26. Rd1 a5 27. Qd4 Qg5 28.
Rf3 Rb8 29. b4 axb4 30. axb4 Rbc8 31. Ba2 h6 32. d6 Re5 33. h4 Qh5 34. Nd5 Nxd5
35. Bxd5 Be6 36. d7 Rd8 37. Bc6 Bg4 38. Ra3 Re6 39. Qb6 Rxd7 40. Rxd7 Kh7 41.
Qxb5 Qxh4 42. Rxf7 1-0

[Event "73rd Tata Steel GMB"]
[Site "Wijk aan Zee NED"]
[Date "2011.01.26"]
[Round "10"]
[White "Fressinet, Laurent"]
[Black "Spoelman, Wouter"]
[Result "0-1"]
[WhiteTitle "GM"]
[BlackTitle "GM"]
[WhiteElo "2707"]
[BlackElo "2547"]
[WhiteFideId "608742"]
[BlackFideId "1010891"]
[EventDate "2011.01.14"]

1. d4 d5 2. c4 c6 3. Nf3 Nf6 4. Nc3 dxc4 5. a4 e6 6. e4 Bb4 7. Bg5 Qa5 8. Bd2 c5
9. Bxc4 O-O 10. dxc5 Qxc5 11. Qe2 e5 12. O-O Bg4 13. Be3 Bxf3 14. gxf3 Qe7 15.
Kh1 Nc6 16. Nd5 Nxd5 17. Bxd5 Bc5 18. f4 Bxe3 19. Qxe3 Nb4 20. Bb3 Rad8 21. Rad1
exf4 22. Qxf4 Nd3 23. Qf3 Nxb2 24. Rd5 Rxd5 25. exd5 Qb4 26. Rc1 Nxa4 27. Rc4
Qb5 28. Rg4 Nc5 29. Bc4 Qd7 30. h4 b5 31. Ba2 Qd6 32. Qc3 f6 33. Qe3 a5 34. Qh6
Rf7 35. Rg2 Re7 36. f4 Kh8 37. Qh5 Qxf4 38. Bb1 g6 39. Rxg6 Qf1+ 0-1

[Event "73rd Tata Steel GMB"]
[Site "Wijk aan Zee NED"]
[Date "2011.01.26"]
[Round "10"]
[White "Wojtaszek, Radoslaw"]
[Black "Hammer, Jon Ludvig"]
[Result "1/2-1/2"]
[WhiteTitle "GM"]
[BlackTitle "GM"]
[WhiteElo "2726"]
[BlackElo "2647"]
[WhiteFideId "1118358"]
[BlackFideId "1503707"]
[EventDate "2011.01.14"]

1. d4 Nf6 2. c4 e6 3. Nc3 Bb4 4. e3 O-O 5. Bd3 c5 6. Nf3 d5 7. O-O dxc4 8. Bxc4
Nbd7 9. a3 cxd4 10. axb4 dxc3 11. bxc3 Qc7 12. Qb3 e5 13. Be2 Nb6 14. Ra5 Be6
15. Qc2 Nbd7 16. Bb2 b6 17. Ra6 Bc4 18. Bxc4 Qxc4 19. Rfa1 Rfc8 20. Rxa7 Rxa7
21. Rxa7 b5 22. h3 h6 23. Qd1 Qc6 24. Nd2 Nb6 25. Qb3 Rc7 26. Rxc7 Qxc7 27. e4
Ne8 28. f3 Nd6 29. Bc1 Qa7 30. Kh2 Qa4 31. Qb1 Qd1 32. Qd3 Ndc4 33. Qf1 Qc2 34.
Nxc4 Nxc4 35. Qe1 Qd3 36. Kg3 Kh7 37. Kf2 Qc2+ 38. Kg3 Qd3 39. Kf2 Qb1 40. h4 h5
41. Bg5 Qc2+ 42. Kg1 Qd3 43. Kf2 Qc2+ 44. Kg1 Qd3 45. Kf2 Qc2+ 1/2-1/2

[Event "73rd Tata Steel GMB"]
[Site "Wijk aan Zee NED"]
[Date "2011.01.26"]
[Round "10"]
[White "Tkachiev, Vladislav"]
[Black "So, Wesley"]
[Result "1/2-1/2"]
[WhiteTitle "GM"]
[BlackTitle "GM"]
[WhiteElo "2636"]
[BlackElo "2673"]
[WhiteFideId "618438"]
[BlackFideId "5202213"]
[EventDate "2011.01.14"]

1. d4 d5 2. c4 c6 3. Nc3 Nf6 4. e3 a6 5. Bd3 e6 6. Nf3 dxc4 7. Bxc4 b5 8. Bb3 c5
9. O-O Bb7 10. e4 cxd4 11. Nxd4 Nbd7 12. Re1 Ne5 13. Bd5 exd5 14. exd5 Bd6 15.
Bf4 O-O 16. Bxe5 Bxe5 17. Rxe5 Re8 18. Rxe8+ Qxe8 19. Qd2 b4 1/2-1/2

[Event "73rd Tata Steel GMB"]
[Site "Wijk aan Zee NED"]
[Date "2011.01.26"]
[Round "10"]
[White "McShane, Luke J"]
[Black "Efimenko, Zahar"]
[Result "0-1"]
[WhiteTitle "GM"]
[BlackTitle "GM"]
[WhiteElo "2664"]
[BlackElo "2701"]
[WhiteFideId "404853"]
[BlackFideId "14107201"]
[EventDate "2011.01.14"]

1. g3 e5 2. c4 Nc6 3. Nc3 g6 4. Bg2 Bg7 5. e4 d6 6. Nge2 h5 7. h3 Be6 8. d3 Nh6
9. Nd5 f5 10. h4 Nf7 11. Be3 O-O 12. Qd2 a6 13. Rc1 Qd7 14. O-O a5 15. b3 Kh7
16. a3 Nh6 17. Bg5 Ng4 18. Rce1 Nd8 19. f3 Nh6 20. exf5 gxf5 21. d4 Nc6 22. Rd1
Bxd5 23. cxd5 Nxd4 24. Nxd4 exd4 25. Rfe1 Rae8 26. Bf1 Nf7 27. f4 Re4 28. Bd3
Rfe8 29. Kf2 Nh6 30. Bxh6 Kxh6 31. Qxa5 Bf6 32. Rc1 Qg7 33. Qd2 Re3 34. Rg1 Rg8
35. Bxf5 Rxg3 36. Bg6 Bxh4 37. f5+ Re3+ 38. Kg2 Qe5 39. Kh1 Qf4 40. Qh2 Qe4+ 41.
Rg2 d3 42. Rg1 d2 43. f6 Rxg6 44. Qf4+ Bg5 45. Qxe4 Rxe4 46. f7 Rh4+ 47. Rh2
Rxh2+ 48. Kxh2 Rf6 0-1

[Event "73rd Tata Steel GMB"]
[Site "Wijk aan Zee NED"]
[Date "2011.01.26"]
[Round "10"]
[White "Le, Quang Liem"]
[Black "Sargissian, Gabriel"]
[Result "1-0"]
[WhiteTitle "GM"]
[BlackTitle "GM"]
[WhiteElo "2664"]
[BlackElo "2667"]
[WhiteFideId "12401137"]
[BlackFideId "13300881"]
[EventDate "2011.01.14"]

1. c4 Nf6 2. Nc3 e5 3. g3 Nc6 4. Bg2 g6 5. Nf3 Bg7 6. d4 exd4 7. Nxd4 O-O 8. O-O
Re8 9. Nc2 d6 10. b3 Bf5 11. Bb2 Ne4 12. Bxe4 Bxe4 13. Ne3 Nd4 14. Nxe4 Rxe4 15.
Qd3 Qe8 16. Rad1 c6 17. Bxd4 Rxd4 18. Qc2 Rd8 19. Rd3 d5 20. cxd5 cxd5 21. Rc1
Rxd3 22. Qxd3 d4 23. Ng2 Rc8 24. Rxc8 Qxc8 25. Qd2 Qc3 26. Qxc3 dxc3 27. Ne1 Kf8
28. Kf1 Ke7 29. e3 Kd6 30. Ke2 Kc5 31. Nd3+ Kd5 32. Nb4+ Kc5 33. Nd3+ Kd5 34. a4
a6 35. Nb4+ Kc5 36. Nd3+ Kd5 37. Kd1 h5 38. Nb4+ Kc5 39. Nd3+ Kd5 40. Nf4+ Kc5
41. Kc2 b5 42. Nd3+ Kb6 43. axb5 axb5 44. b4 Kc6 45. Nf4 Kd6 46. Kd3 Kc6 47. f3
Be5 48. Ne2 g5 49. e4 Kd7 50. Nxc3 Bd6 51. Nd5 Ke6 52. f4 g4 53. Kd4 Bf8 54. f5+
Kd7 55. e5 Kc6 56. e6 fxe6 57. fxe6 Bd6 58. Ke4 h4 59. gxh4 Bxh2 60. h5 Bd6 61.
h6 g3 62. h7 1-0

[Event "73rd Tata Steel GMB"]
[Site "Wijk aan Zee NED"]
[Date "2011.01.26"]
[Round "10"]
[White "Li, Chao b"]
[Black "Navara, David"]
[Result "0-1"]
[WhiteTitle "GM"]
[BlackTitle "GM"]
[WhiteElo "2649"]
[BlackElo "2708"]
[WhiteFideId "8604436"]
[BlackFideId "309095"]
[EventDate "2011.01.14"]

1. Nf3 Nf6 2. c4 e6 3. g3 b6 4. Bg2 Bb7 5. O-O Be7 6. b3 O-O 7. Bb2 c5 8. e3 d5
9. Qe2 Nc6 10. Nc3 d4 11. exd4 Nxd4 12. Nxd4 Bxg2 13. Kxg2 cxd4 14. Nb5 Bc5 15.
b4 d3 16. Qf3 Bxb4 17. Nd4 Bc5 18. Nc6 Qc7 19. Kg1 Nd7 20. Rae1 Rfe8 21. Ne5
Nxe5 22. Rxe5 Qd7 23. Re4 f6 24. Rfe1 Rac8 25. Rh4 e5 26. Kf1 g6 27. g4 Qc6 28.
Rh3 Bb4 29. Qxc6 Rxc6 30. Rxd3 Rxc4 31. g5 Rc2 32. Rb3 Bxd2 33. Re2 Rec8 34.
gxf6 Bf4 35. Re1 Re8 36. a4 Re6 37. h3 Rxf6 38. Re2 Rfc6 39. Rxc2 Rxc2 40. Rb5
Rc5 41. Ke2 Rc4 42. a5 bxa5 43. Bxe5 Re4+ 44. Kf3 Rxe5 45. Rb8+ Kf7 46. Kxf4 Rh5
47. Rb7+ Ke6 48. Rxa7 Kd6 49. Kg4 Kc6 50. f4 Kb6 51. Rg7 a4 52. f5 Rxf5 53. Rxh7
a3 54. Re7 Ra5 0-1

[Event "73rd Tata Steel GMB"]
[Site "Wijk aan Zee NED"]
[Date "2011.01.26"]
[Round "10"]
[White "Nijboer, Friso"]
[Black "Ganguly, Surya Shekhar"]
[Result "0-1"]
[WhiteTitle "GM"]
[BlackTitle "GM"]
[WhiteElo "2584"]
[BlackElo "2651"]
[WhiteFideId "1000063"]
[BlackFideId "5002150"]
[EventDate "2011.01.14"]

1. e4 e5 2. Nf3 Nc6 3. Bb5 a6 4. Ba4 Nf6 5. O-O b5 6. Bb3 Bc5 7. a4 Rb8 8. c3 d6
9. d4 Bb6 10. a5 Ba7 11. h3 Bb7 12. Re1 O-O 13. Be3 exd4 14. cxd4 Nb4 15. d5
Bxe3 16. Rxe3 c5 17. Na3 Qxa5 18. Nc2 Qb6 19. Nxb4 cxb4 20. Qd2 a5 21. Nd4 Rbe8
22. Bc2 g6 23. Kh2 Nh5 24. g4 Nf6 25. Rae1 Rc8 26. Bb1 Rfe8 27. R3e2 Nd7 28. f4
Rc4 29. Nf3 Rcc8 30. Kg3 Nc5 31. f5 Qd8 32. h4 Nd7 33. Qf4 Ne5 34. f6 Nxf3 35.
Qxf3 Re5 36. Bd3 Ba6 37. Qf4 h6 38. Rf2 Kh7 39. Qd2 Qb6 40. Bb1 b3 41. Rf3 a4
42. Rc3 Rxc3+ 43. Qxc3 b4 44. Qc1 Bb7 45. Qc4 a3 46. h5 a2 47. Bd3 gxh5 48. Qxb3
a1=Q 49. Rxa1 Qe3+ 50. Kg2 Rg5 51. e5+ Kh8 0-1

[Event "73rd Tata Steel GMB"]
[Site "Wijk aan Zee NED"]
[Date "2011.01.29"]
[Round "12"]
[White "Fressinet, Laurent"]
[Black "Li, Chao b"]
[Result "1-0"]
[WhiteTitle "GM"]
[BlackTitle "GM"]
[WhiteElo "2707"]
[BlackElo "2649"]
[WhiteFideId "608742"]
[BlackFideId "8604436"]
[EventDate "2011.01.14"]

1. e4 e5 2. Nf3 Nf6 3. Nxe5 d6 4. Nf3 Nxe4 5. d4 d5 6. Bd3 Be7 7. O-O Nc6 8. Nc3
Nxc3 9. bxc3 Bg4 10. Re1 O-O 11. Bf4 Bh5 12. Rb1 Rb8 13. Qe2 Bd6 14. Qe3 Qd7 15.
Bxd6 Qxd6 16. Nh4 Bg6 17. Nxg6 hxg6 18. h4 a6 19. a4 Na5 20. g3 Qc6 21. Qg5 Rbd8
22. h5 gxh5 23. Qxh5 g6 24. Qg5 Kg7 25. Re7 Rde8 26. Qe5+ Kg8 27. Qxc7 Rxe7 28.
Qxe7 Qxc3 29. Qf6 Qc7 30. Kg2 Qd8 31. Qf4 Re8 32. Rh1 Re6 33. Rh4 Nc6 34. Qh6
Qf6 35. Bxg6 Qg7 36. Bh7+ Kf8 37. Qh5 Ne7 38. Bd3 Ke8 39. Rf4 Rh6 40. Rxf7 Qxg3+
41. fxg3 Rxh5 42. Rf6 Kd7 43. g4 Rh8 44. Kg3 Nc6 45. Rf7+ Kd6 46. c3 Ne7 47.
Rf6+ Kd7 48. Bf5+ Kc7 49. Re6 Nc6 50. g5 b5 51. Rh6 Rf8 52. axb5 axb5 53. Rh7+
Kb6 54. Bd7 Nd8 55. g6 Rg8 56. g7 Kc7 57. Bg4 1-0

[Event "73rd Tata Steel GMB"]
[Site "Wijk aan Zee NED"]
[Date "2011.01.29"]
[Round "12"]
[White "Wojtaszek, Radoslaw"]
[Black "Ganguly, Surya Shekhar"]
[Result "0-1"]
[WhiteTitle "GM"]
[BlackTitle "GM"]
[WhiteElo "2726"]
[BlackElo "2651"]
[WhiteFideId "1118358"]
[BlackFideId "5002150"]
[EventDate "2011.01.14"]

1. c4 e5 2. g3 Nf6 3. Bg2 d5 4. cxd5 Nxd5 5. Nf3 Nc6 6. O-O Nb6 7. b3 Bd6 8. Bb2
O-O 9. d3 Qe7 10. Nc3 f5 11. Nb5 Be6 12. a3 Kh8 13. b4 Qd7 14. Nd2 Be7 15. Rc1
a6 16. Nc3 Bg5 17. Ncb1 Bd5 18. Bxd5 Nxd5 19. Rc4 Nb6 20. Rc5 Rae8 21. Nc4 Bf6
22. Nbd2 Nxc4 23. Rxc4 e4 24. Bxf6 Rxf6 25. Nb3 f4 26. Nd2 Rh6 27. h4 Rxh4 28.
Nxe4 Rh6 29. Ng5 Qf5 30. Rc5 Re5 31. Rxe5 Nxe5 32. e3 Qxg5 33. exf4 Qf5 0-1

[Event "73rd Tata Steel GMB"]
[Site "Wijk aan Zee NED"]
[Date "2011.01.29"]
[Round "12"]
[White "Nijboer, Friso"]
[Black "Navara, David"]
[Result "0-1"]
[WhiteTitle "GM"]
[BlackTitle "GM"]
[WhiteElo "2584"]
[BlackElo "2708"]
[WhiteFideId "1000063"]
[BlackFideId "309095"]
[EventDate "2011.01.14"]

1. e4 c5 2. Nf3 d6 3. d4 cxd4 4. Nxd4 Nf6 5. Nc3 a6 6. Be3 e5 7. Nb3 Be6 8. f3
h5 9. Nd5 Bxd5 10. exd5 Nbd7 11. Qd2 Qc7 12. c4 b6 13. Be2 g6 14. O-O Bg7 15.
Rac1 a5 16. Na1 O-O 17. Nc2 Nh7 18. Na3 Nc5 19. Nb5 Qe7 20. Rce1 f5 21. Bd1 e4
22. Bc2 Bxb2 23. fxe4 fxe4 24. Rxf8+ Rxf8 25. Bxe4 Qxe4 26. Bh6 Qh4 27. Bxf8
Nxf8 28. g3 Qxc4 29. Nxd6 Bd4+ 0-1

[Event "73rd Tata Steel GMB"]
[Site "Wijk aan Zee NED"]
[Date "2011.01.29"]
[Round "12"]
[White "McShane, Luke J"]
[Black "So, Wesley"]
[Result "1-0"]
[WhiteTitle "GM"]
[BlackTitle "GM"]
[WhiteElo "2664"]
[BlackElo "2673"]
[WhiteFideId "404853"]
[BlackFideId "5202213"]
[EventDate "2011.01.14"]

1. e4 c6 2. d4 d5 3. e5 Bf5 4. h4 h5 5. c4 e6 6. Nc3 Nd7 7. Nge2 dxc4 8. Ng3 Nb6
9. Be2 Bg6 10. Bg5 Be7 11. Nge4 f6 12. Bf4 Nd5 13. Bg3 Qb6 14. O-O Nxc3 15. Nxc3
Qxb2 16. Bxc4 Qxc3 17. Rc1 Qb2 18. Bxe6 Rd8 19. d5 fxe5 20. Re1 Bf6 21. Re2 Qa3
22. Bxe5 Bxe5 23. Rxe5 Kf8 24. Qe1 Qd6 25. Bxg8 Kxg8 26. Re6 Qxd5 27. Rxg6 Rh6
28. Rxh6 gxh6 29. Qe3 Rd7 30. Qxh6 Rg7 31. g3 Qd4 32. Qe6+ Rf7 33. Qe2 Kg7 34.
Rf1 Kg6 35. Rd1 Qf6 36. Qe3 b6 37. Rd4 Re7 38. Qd3+ Kg7 39. Rf4 Qe6 40. Rf5 Rf7 1-0

[Event "73rd Tata Steel GMB"]
[Site "Wijk aan Zee NED"]
[Date "2011.01.29"]
[Round "12"]
[White "Le, Quang Liem"]
[Black "Efimenko, Zahar"]
[Result "1/2-1/2"]
[WhiteTitle "GM"]
[BlackTitle "GM"]
[WhiteElo "2664"]
[BlackElo "2701"]
[WhiteFideId "12401137"]
[BlackFideId "14107201"]
[EventDate "2011.01.14"]

1. c4 Nf6 2. Nc3 e5 3. Nf3 Nc6 4. g3 Bb4 5. Bg2 O-O 6. O-O d6 7. Nd5 Bc5 8. d3
h6 9. e3 a6 10. a3 Ba7 11. b4 Nxd5 12. cxd5 Ne7 13. Nd2 c6 14. dxc6 Nxc6 15. Qb3
Be6 16. Bd5 Bxd5 17. Qxd5 Qd7 18. Bb2 Ne7 19. Qf3 Rac8 20. Rac1 f5 21. Nc4 Rc7
22. Na5 Rfc8 23. Rxc7 Rxc7 24. Rc1 Rxc1+ 25. Bxc1 d5 26. Bb2 Bb8 27. Nb3 b6 28.
Qd1 Kh7 29. Qc2 Ng6 30. Nd2 e4 31. Bd4 Bc7 32. f3 exf3 33. Nxf3 Nf8 34. e4 dxe4
35. dxe4 fxe4 36. Qxe4+ Kg8 37. Qb7 Qf7 38. Kg2 Qa2+ 39. Bf2 Qc4 40. Nd2 Qc2 41.
Qd5+ Kh7 42. Nf3 Ng6 43. h4 Ne7 44. Qe6 Nf5 45. Ne1 Qb1 46. Nf3 Qc2 47. g4 Ng3
48. Ne1 Qe4+ 49. Qxe4+ Nxe4 50. Be3 a5 51. Kf3 Nc3 52. Nc2 axb4 53. axb4 Kg6 54.
Bd4 Nb5 55. h5+ Kf7 56. Bb2 Nd6 57. Ne3 g6 58. Be5 Ne8 59. Bd4 b5 60. Ke4 Bd6
61. Nd5 gxh5 62. gxh5 Ng7 63. Bc5 Bb8 64. Nc3 Nxh5 65. Nxb5 Ke6 66. Nd4+ Kd7 67.
b5 Nf6+ 68. Kf5 1/2-1/2

[Event "73rd Tata Steel GMB"]
[Site "Wijk aan Zee NED"]
[Date "2011.01.29"]
[Round "12"]
[White "Tkachiev, Vladislav"]
[Black "Spoelman, Wouter"]
[Result "1-0"]
[WhiteTitle "GM"]
[BlackTitle "GM"]
[WhiteElo "2636"]
[BlackElo "2547"]
[WhiteFideId "618438"]
[BlackFideId "1010891"]
[EventDate "2011.01.14"]

1. d4 d5 2. c4 c6 3. Nf3 Nf6 4. Qb3 dxc4 5. Qxc4 Bg4 6. Nc3 Nbd7 7. e4 Bxf3 8.
gxf3 e5 9. Be3 exd4 10. Bxd4 Bd6 11. O-O-O Qc7 12. Ne2 O-O 13. Qc2 Nh5 14. Be3
Ndf6 15. Kb1 Rad8 16. Qc1 Rfe8 17. Bg2 a5 18. Rd3 g6 19. h3 Bf8 20. Rxd8 Qxd8
21. Qc2 Qc7 22. f4 Qe7 23. Nc3 Bh6 24. Qc1 Nd7 25. Bf3 Qh4 26. Qd1 Re7 27. Bxh5
Qxh5 28. Qxh5 gxh5 29. Rd1 f5 30. e5 Nf8 31. Ne2 Ne6 32. Rd6 h4 33. Nd4 Nxd4 34.
Rxh6 Ne6 35. Rf6 Ng7 36. Bc5 Re8 37. Kc2 Ne6 38. Be3 Ng7 39. Kb3 Re6 40. Ka4
Rxf6 41. exf6 Ne8 42. Kxa5 Nd6 43. Kb6 Kf7 44. Bd4 Ke6 45. b3 Kd7 46. Bc5 1-0

[Event "73rd Tata Steel GMB"]
[Site "Wijk aan Zee NED"]
[Date "2011.01.29"]
[Round "12"]
[White "Sargissian, Gabriel"]
[Black "Hammer, Jon Ludvig"]
[Result "1/2-1/2"]
[WhiteTitle "GM"]
[BlackTitle "GM"]
[WhiteElo "2667"]
[BlackElo "2647"]
[WhiteFideId "13300881"]
[BlackFideId "1503707"]
[EventDate "2011.01.14"]

1. d4 d5 2. c4 c6 3. Nf3 Nf6 4. Nc3 dxc4 5. a4 Bf5 6. e3 e6 7. Bxc4 Bb4 8. O-O
O-O 9. Qe2 Ne4 10. g4 Bg6 11. Ne5 Nd6 12. Ba2 Nd7 13. Nxg6 hxg6 14. e4 c5 15.
dxc5 Nxc5 16. e5 Bxc3 17. bxc3 Nde4 18. Qe3 f5 19. f3 fxg4 20. fxe4 Rxf1+ 21.
Kxf1 Qd1+ 22. Kg2 Rf8 23. Bc4 Nb3 24. Ba3 Nxa1 25. Bxe6+ Kh7 26. Bxf8 Nc2 27.
Qf2 Ne1+ 28. Kg3 Qd3+ 29. Kf4 Nf3 30. Bxg4 g5+ 31. Kf5 Qd7+ 32. e6 g6+ 33. Kf6
Qd8+ 34. e7 Qd6+ 35. Be6 Qf4+ 36. Bf5 Qd6+ 37. Be6 Qf4+ 38. Bf5 Qd6+ 1/2-1/2

[Event "73rd Tata Steel GMB"]
[Site "Wijk aan Zee NED"]
[Date "2011.01.30"]
[Round "13"]
[White "Spoelman, Wouter"]
[Black "Nijboer, Friso"]
[Result "1-0"]
[WhiteTitle "GM"]
[BlackTitle "GM"]
[WhiteElo "2547"]
[BlackElo "2584"]
[WhiteFideId "1010891"]
[BlackFideId "1000063"]
[EventDate "2011.01.14"]

1. d4 Nf6 2. c4 g6 3. Nc3 Bg7 4. e4 d6 5. Bg5 h6 6. Be3 Ng4 7. Bc1 e5 8. d5 f5
9. Be2 Nf6 10. exf5 gxf5 11. Nf3 c6 12. O-O O-O 13. g3 cxd5 14. cxd5 Nh7 15. Qc2
Na6 16. a3 Bd7 17. Nh4 Rc8 18. Bd3 e4 19. Be2 Nc5 20. Ng6 Rf7 21. Nf4 Be5 22.
Be3 Nf6 23. Rac1 Rg7 24. Qd1 h5 25. b4 Nd3 26. Bxd3 Bxc3 27. Be2 Be5 28. Bxh5
Rxc1 29. Bxc1 Nxh5 30. Qxh5 Rh7 31. Qg6+ Rg7 32. Qh6 Qe8 33. Be3 Qf7 34. Rc1
Bxf4 35. Bxf4 Qxd5 36. Bd2 Qe6 37. Qe3 f4 38. Qxf4 Rf7 39. Qh4 Qe7 40. Qxe7 Rxe7
41. Rc7 b5 42. Rxa7 d5 43. Be3 Rf7 44. Kg2 Bg4 45. Rxf7 Kxf7 46. h3 Bf3+ 47. Kh2
Ke6 48. g4 Ke5 49. Kg3 d4 50. Bc1 1-0

[Event "73rd Tata Steel GMB"]
[Site "Wijk aan Zee NED"]
[Date "2011.01.30"]
[Round "13"]
[White "Ganguly, Surya Shekhar"]
[Black "Le, Quang Liem"]
[Result "1/2-1/2"]
[WhiteTitle "GM"]
[BlackTitle "GM"]
[WhiteElo "2651"]
[BlackElo "2664"]
[WhiteFideId "5002150"]
[BlackFideId "12401137"]
[EventDate "2011.01.14"]

1. e4 e6 2. d4 d5 3. Nc3 Nf6 4. Bg5 dxe4 5. Nxe4 Nbd7 6. Nf3 h6 7. Nxf6+ Nxf6 8.
Bxf6 Qxf6 9. Bb5+ c6 10. Bd3 Bd7 11. Ne5 c5 12. O-O cxd4 13. Nxd7 Kxd7 14. c3
Bd6 15. Qb3 Rab8 16. Qa4+ Ke7 17. cxd4 a6 18. Rae1 Rhe8 19. d5 Kf8 20. dxe6 Rxe6 1/2-1/2

[Event "73rd Tata Steel GMB"]
[Site "Wijk aan Zee NED"]
[Date "2011.01.30"]
[Round "13"]
[White "So, Wesley"]
[Black "Wojtaszek, Radoslaw"]
[Result "1/2-1/2"]
[WhiteTitle "GM"]
[BlackTitle "GM"]
[WhiteElo "2673"]
[BlackElo "2726"]
[WhiteFideId "5202213"]
[BlackFideId "1118358"]
[EventDate "2011.01.14"]

1. Nf3 Nf6 2. c4 e6 3. d4 d5 4. Nc3 dxc4 5. e3 a6 6. a4 c5 7. Bxc4 Nc6 8. O-O
Be7 9. Qe2 cxd4 10. Rd1 e5 11. exd4 exd4 12. Nxd4 Nxd4 13. Qe5 Qd6 14. Qxd4 Qxd4
15. Rxd4 Bc5 16. Rd1 O-O 17. Bg5 Be6 18. Bxe6 fxe6 19. Bxf6 gxf6 20. Ne4 Rac8
21. Kf1 Bb4 22. Rac1 Rxc1 23. Rxc1 f5 24. Rc4 1/2-1/2

[Event "73rd Tata Steel GMB"]
[Site "Wijk aan Zee NED"]
[Date "2011.01.30"]
[Round "13"]
[White "Navara, David"]
[Black "McShane, Luke J"]
[Result "1/2-1/2"]
[WhiteTitle "GM"]
[BlackTitle "GM"]
[WhiteElo "2708"]
[BlackElo "2664"]
[WhiteFideId "309095"]
[BlackFideId "404853"]
[EventDate "2011.01.14"]

1. d4 Nf6 2. c4 g6 3. g3 Bg7 4. Bg2 O-O 5. Nf3 d6 6. Nc3 Nc6 7. O-O Rb8 8. e3 e5
9. d5 Ne7 10. e4 Nd7 11. b4 h6 12. Be3 a6 13. Nd2 f5 14. f3 f4 15. Ba7 Ra8 16.
Bf2 h5 17. c5 g5 18. Nc4 Nf6 19. cxd6 cxd6 20. Bb6 Qd7 21. Qa4 Qxa4 22. Nxa4 Bd7
23. Nab2 Nc8 24. Rac1 Rf7 25. Bd8 Rf8 26. Bc7 Ne8 27. Nb6 Nxb6 28. Bxb6 Bf6 29.
Nc4 h4 30. g4 Bb5 31. Rf2 Bxc4 32. Rxc4 Bd8 33. Bxd8 Rxd8 34. Bf1 Rf7 35. Rfc2
Kf8 36. a4 Rdd7 37. Rc8 Rc7 38. R2xc7 Rxc7 39. Rb8 Ke7 40. b5 axb5 41. axb5 Nf6
42. b6 Rc1 43. Rxb7+ Nd7 44. Rc7 Rb1 45. b7 Kd8 46. Rc8+ Ke7 47. Rg8 Kf7 48.
b8=R Rxb8 49. Rxb8 Nxb8 50. Bb5 Ke7 51. Kf2 Kd8 52. Ke2 Kc7 53. Kd3 Kb6 54. Kc4
Ka5 55. h3 Na6 56. Bxa6 Kxa6 57. Kb4 Kb6 1/2-1/2

[Event "73rd Tata Steel GMB"]
[Site "Wijk aan Zee NED"]
[Date "2011.01.30"]
[Round "13"]
[White "Efimenko, Zahar"]
[Black "Sargissian, Gabriel"]
[Result "1/2-1/2"]
[WhiteTitle "GM"]
[BlackTitle "GM"]
[WhiteElo "2701"]
[BlackElo "2667"]
[WhiteFideId "14107201"]
[BlackFideId "13300881"]
[EventDate "2011.01.14"]

1. e4 e5 2. Nf3 Nc6 3. Bb5 a6 4. Ba4 Nf6 5. O-O Be7 6. d3 b5 7. Bb3 d6 8. c3 O-O
9. Nbd2 Na5 10. Bc2 c5 11. Re1 Nc6 12. Nf1 Be6 13. Ng3 h6 14. h3 Re8 15. Nh2 Bf8
16. Nf5 d5 17. Qf3 c4 18. Ng4 Nxg4 19. hxg4 d4 20. dxc4 bxc4 21. Ba4 Rc8 22. Rd1
Bc5 23. b3 Qb6 24. Bd2 dxc3 25. Bxc3 cxb3 26. Bxb3 Bxb3 27. axb3 Bf8 28. Rab1
Red8 29. Rd5 Rxd5 30. exd5 Nd4 31. Bxd4 exd4 32. Qe4 Rd8 33. Nxd4 Qc5 34. Nf5
Rxd5 35. Qc4 Qxc4 36. bxc4 Rc5 37. Rb8 g6 38. Ne3 Ra5 39. g3 Kg7 40. Kg2 Ra1 41.
Rc8 a5 42. c5 Rc1 43. c6 Rc5 44. c7 Bd6 45. Nd5 Bxc7 1/2-1/2

[Event "73rd Tata Steel GMB"]
[Site "Wijk aan Zee NED"]
[Date "2011.01.30"]
[Round "13"]
[White "Li, Chao b"]
[Black "Tkachiev, Vladislav"]
[Result "1-0"]
[WhiteTitle "GM"]
[BlackTitle "GM"]
[WhiteElo "2649"]
[BlackElo "2636"]
[WhiteFideId "8604436"]
[BlackFideId "618438"]
[EventDate "2011.01.14"]

1. d4 d5 2. c4 dxc4 3. e4 e5 4. Nf3 Bb4+ 5. Bd2 Bxd2+ 6. Nbxd2 exd4 7. Bxc4 Nc6
8. Nb3 Nf6 9. e5 Ng4 10. Bb5 O-O 11. Bxc6 bxc6 12. Qxd4 Qxd4 13. Nfxd4 Be6 14.
f4 g5 15. fxg5 Bxb3 16. Nxb3 Rae8 17. O-O Rxe5 18. Rae1 Rfe8 19. Rxe5 Rxe5 20.
h3 Ne3 21. Re1 Nc4 22. Rxe5 Nxe5 23. Nc5 Kg7 24. Kf2 Kg6 25. h4 Kf5 26. b3 f6
27. gxf6 Kxf6 28. a4 Kf5 29. a5 Ng4+ 30. Kf3 h5 31. Nd3 Nh2+ 32. Ke3 Nf1+ 33.
Kd4 Nd2 34. b4 Kg4 35. Ne5+ Kxh4 36. Ke3 Kg3 37. Kxd2 Kxg2 38. Ng6 Kg3 39. Ke3
Kg4 40. a6 c5 41. bxc5 Kf5 42. Ne7+ Ke6 43. Nc6 Kd5 44. Nxa7 Kxc5 45. Nc8 1-0